00855nam a22002417a 45000010008000000030009000080050017000170070008000340080028000420200015000700400022000850820028001072450180001352600033003153000021003486500040003696500037004097000044004467000032004907000040005227000038005627100013006000011401DO-SdBNP20220608104739.00011401160914b1998 mx| 00| 0 spa d a9706078142 aBPMSUbspacBPMSU aR461.03 bO78L 1998222 3aOrtografía :b lengua española reglas y ejercicios /cdirector Aarón Alboukrek ; redacción Gloria Fuentes, Gabriela Pérez Tagle ; revisión Ma. de Jesús Hilario aMéxico :bLarousse,c2003. a316 p. :c23 cm. 4aEspañolxOrtografíav Manuales  4aEspañoxGramáticavManuales.1 aAlboukrek, Aarón,edirector editorial1 aFuentes, Gloria,eredactora1 aPérez Tagle, Gabriela,eredactora1 aMa. de Jesús Hilario,erevisora2 aLarousse